Guess the Video Game by the Main Character's Name - Statistics

General Stats
  • This quiz has been taken 72 times
  • The average score is 8 of 15
Answer Stats
Hint Answer % Correct
Sonic Sonic the Hedgehog
95%
Steve Minecraft
92%
Mario Super Mario
89%
Freddy Fazbear Five Nights at Freddy's
83%
Master Chief Halo
83%
Kratos God of War
82%
Arthur Morgan Red Dead Redemption 2
61%
Geralt of Rivia The Witcher
45%
Aiden Pearce Watchdogs
30%
Marcus Fenix Gears of War
29%
Rico Rodriguez Just Cause
21%
Maxine Caulfield Life is Strange
17%
Jesse Faden Control
12%
Wei Shen Sleeping Dogs
12%
Robin Ayou Subnautica: Below Zero
8%
No matching quizzes found
Score Distribution
Percent of People with Each Score
Percentile by Number Answered
Your Score History
You have not taken this quiz